Pertenencia y diferencia: Explorando identidades nacionales /

সংরক্ষণ করুন:
গ্রন্থ-পঞ্জীর বিবরন
প্রধান লেখক: Sandoval García, Carlos
বিন্যাস: পাঠ‍্য
বিষয়গুলি:
ট্যাগগুলো: ট্যাগ যুক্ত করুন
কোনো ট্যাগ নেই, প্রথমজন হিসাবে ট্যাগ করুন!

MARC

LEADER 00000 a a2200000 04500
001 47905
003
040
100 |a Sandoval García, Carlos  
245 |a Pertenencia y diferencia:   |b Explorando identidades nacionales /  |c Carlos Sandoval García  
650 |a NACIONALIDAD  
650 |2 MACROTHESAURUS DE LA OCDE/  
650 |a DISCRIMINACION  
650 |2 MACROTHESAURUS DE LA OCDE/  
650 |a COSTARRICENSES  
650 |2 MACROTHESAURUS DE LA OCDE/  
650 |a NICARAGUENSES  
650 |2 MACROTHESAURUS DE LA OCDE  
773 |g Capítulo 1, páginas 3-44  
999 |c 32594  |d 32594